000 00352nam a2200133Ia 4500
008 240624s9999 xx 000 0 und d
041 _aeng
082 _a338.82 LAF
100 _aLAFFONT JEAN JACQUES
245 _aTHEORY OF INCENTIVES IN PROCUREMENT AND
260 _c1993
_aCambridge
_bMIT Press
300 _axv, : 705 : p. : cm. ; 27
365 _c
_b20
999 _c8166
_d8166